| 000 | 00647nam a22002297a 4500 | ||
|---|---|---|---|
| 003 | OSt | ||
| 005 | 20220107122834.0 | ||
| 008 | 171120b xxu||||| |||| 00| 0 eng d | ||
| 020 | _a9789351198147 | ||
| 040 | _cIIITMK | ||
| 082 | _a005.133P DOW/H | ||
| 100 |
_aDowney, Allen _913215 |
||
| 245 |
_aHow to think like a computer scientist: _bLearning with python |
||
| 260 |
_aNew Delhi, _bDreamtech Press, _c2015 |
||
| 300 | _axxviii, 250p. | ||
| 650 |
_aCOMPUTER SCIENCE _913216 |
||
| 650 |
_aPROGRAMMING LANGUAGE _913217 |
||
| 650 |
_aPYTHON _913218 |
||
| 700 |
_aElkner, Jeffrey _913219 |
||
| 700 |
_aMeyers, Chris _913220 |
||
| 942 |
_2ddc _cBK |
||
| 999 |
_c5897 _d5897 |
||